| 000 -LEADER |
| fixed length control field |
00521pab a2200193 454500 |
| 008 - FIXED-LENGTH DATA ELEMENTS--GENERAL INFORMATION |
| fixed length control field |
180718b2011 xxu||||| |||| 00| 0 eng d |
| 100 ## - MAIN ENTRY--PERSONAL NAME |
| Personal name |
Zaman, Khalid |
| 245 ## - TITLE STATEMENT |
| Title |
The study of trade-poverty nexus in Pakistan: Under investigation of Pro-Poor Trade Index (PPTI) |
| 260 ## - PUBLICATION, DISTRIBUTION, ETC. |
| Date of publication, distribution, etc. |
2011 |
| 300 ## - PHYSICAL DESCRIPTION |
| Extent |
p.561-575. |
| 362 ## - DATES OF PUBLICATION AND/OR SEQUENTIAL DESIGNATION |
| Dates of publication and/or sequential designation |
Jan |
| 650 ## - SUBJECT ADDED ENTRY--TOPICAL TERM |
| Topical term or geographic name entry element |
Pakistan - Commerce |
| 650 ## - SUBJECT ADDED ENTRY--TOPICAL TERM |
| Topical term or geographic name entry element |
Trade |
| 700 ## - ADDED ENTRY--PERSONAL NAME |
| Personal name |
Ikram, Waseem |
| 700 ## - ADDED ENTRY--PERSONAL NAME |
| Personal name |
Ahmad, Mehboob |
| 773 ## - HOST ITEM ENTRY |
| Main entry heading |
Indian Journal of Economics |
| 908 ## - PUT COMMAND PARAMETER (RLIN) |
| Put command parameter |
N |
| 909 ## - |
| -- |
93071 |